000 00722na a2200241 4500
001 19046
003 MIRAKIL
005 20181213154948.0
008 161207b tu 000 0
020 _a9751925673
035 _a19046
040 _aMilas
_btur
_cTR-AnCHP
041 _atur
082 _a352.9561
_bY36 2001
090 _a352.9561 Y36 2001
110 _aDevlet Planlama Teşkilatı
245 _aYerel yönetimler özel ihtisas komisyonu raporu
_cDevlet Planlama Teşkilatı (DPT)
260 _aAnkara
_bDevlet Planlama Teşkilatı
_c2001
300 _a186 s.
_c26 sm.
490 _aSekiinci Beş Yıllık Kalkınma Planı
_v2538
650 _aYerel yönetimler
_xRaporlar
_zTürkiye
942 _2ddc
_cBKS
999 _c3926
_d3926